000 00865cam a2200265 a 4500
001 000012958
003 UkOxU
005 20200929163117.0
008 860101s1975 sp b 001 0 spa d
020 _a8440087896
035 _aOCLC ocm02348691 from D951024M
040 _aDO-SdBNP
_cDLC
_dEQO
_dBNPHU
082 _a344.946
_bH652e
100 1 _aHillers de Luque, Sigfredo,
_d1934-
_929863
245 1 0 _aEspaña :
_buna revolución pendiente /
_cSigfredo Hillers de Luque.
260 _aMadrid :
_bFES,
_c1975.
300 _a487 p. ;
_c22 cm.
500 _aIncluye biografía del autor en la solapa y contrasolapa
500 _aIncluye referencias bibliográficas
504 _aIncluye notas bibliográficas.
650 0 _aDerecho
_zEspaña
_929864
650 0 _aJurisprudencia penal
_929865
910 _aCatalogación derivada
999 _a1
_n0000152
_c12606
_d12606
049 _aBNGR